000 00666nam a22002057a 4500
999 _c17861
_d17861
003 OSt
005 20230126135720.0
008 230126b ||||| |||| 00| 0 eng d
040 _c0
082 _aDPer 370.5 M720 June - December 2017 v66 no. 1-7
100 _aGenio, Maria Teresa D.
_eauthor.
_947476
245 _aThe role of aging in the sleep pattern /
_cMaria Teresa D. Genio
260 _aPhilippines :
_bPapi Publishers, Inc.,
_cOctober 2017.
300 _avolume 66, pages 181-182.
650 _aSleeplessness.
_947477
650 _aHealth.
_947478
650 _aSleep.
_947479
700 _aGenio, Maria Teresa D.
_eauthor.
_947476
942 _2ddc
_cPER